Online katalóg knižníc regiónu Turca

Toby / (Record no. 22714)

MARC details
000 -LEADER
fixed length control field 01349nam a2200445 a 4500
001 - CONTROL NUMBER
control field 22714
003 - CONTROL NUMBER IDENTIFIER
control field CZ PrNK
005 - DATE AND TIME OF LATEST TRANSACTION
control field 20260421150502.0
007 - PHYSICAL DESCRIPTION FIXED FIELD--GENERAL INFORMATION
fixed length control field ta
008 - FIXED-LENGTH DATA ELEMENTS--GENERAL INFORMATION
fixed length control field 081024s2008 xr a a 000 j slo
015 ## - NATIONAL BIBLIOGRAPHY NUMBER
National bibliography number cnb001824653
020 ## - INTERNATIONAL STANDARD BOOK NUMBER
International Standard Book Number 9788025210253
Qualifying information (váz.)
035 ## - SYSTEM CONTROL NUMBER
System control number (OCoLC)276818657
040 ## - CATALOGING SOURCE
Original cataloging agency ABA001
Language of cataloging cze
Modifying agency OLA001
041 1# - LANGUAGE CODE
Language code of text/sound track or separate title slo
Language code of original eng
072 #7 - SUBJECT CATEGORY CODE
Subject category code 821-93
Subject category code subdivision Literatura pro děti a mládež (beletrie)
Source Konspekt
080 ## - UNIVERSAL DECIMAL CLASSIFICATION NUMBER
Universal Decimal Classification number 821-93
Edition identifier MRF
080 ## - UNIVERSAL DECIMAL CLASSIFICATION NUMBER
Universal Decimal Classification number 821-32
Edition identifier MRF
080 ## - UNIVERSAL DECIMAL CLASSIFICATION NUMBER
Universal Decimal Classification number (0:82-32)
Edition identifier MRF
100 1# - MAIN ENTRY--PERSONAL NAME
Personal name Awdry, W.,
Dates associated with a name 1911-1997
Relationship aut
245 10 - TITLE STATEMENT
Title Toby /
Statement of responsibility, etc. podľa W. Awdryho ; ilustrácie Robin Davies a Jerry Smith
250 ## - EDITION STATEMENT
Edition statement 1. vyd.
260 ## - PUBLICATION, DISTRIBUTION, ETC.
Place of publication, distribution, etc. V Prahe :
Name of publisher, distributor, etc. Egmont,
Date of publication, distribution, etc. 2008
300 ## - PHYSICAL DESCRIPTION
Extent [25] s. :
Other physical details barev. il. ;
Dimensions 15 x 16 cm
490 1# - SERIES STATEMENT
Series statement Knižnica rušňa Tomáša ;
Volume/sequential designation 6
490 1# - SERIES STATEMENT
Series statement Tomáš a jeho kamaráti
500 ## - GENERAL NOTE
General note Přeloženo z angličtiny?
500 ## - GENERAL NOTE
General note Č. edice ze hřbetu
655 #7 - INDEX TERM--GENRE/FORM
Genre/form data or focus term příběhy
Source of term czenas
655 #7 - INDEX TERM--GENRE/FORM
Genre/form data or focus term publikace pro děti
Source of term czenas
655 #9 - INDEX TERM--GENRE/FORM
Genre/form data or focus term stories
Source of term eczenas
655 #9 - INDEX TERM--GENRE/FORM
Genre/form data or focus term children's literature
Source of term eczenas
700 1# - ADDED ENTRY--PERSONAL NAME
Personal name Davies, Robin,
Dates associated with a name 1950-
Relationship ill
700 1# - ADDED ENTRY--PERSONAL NAME
Personal name Smith, Jerry
Relationship ill
830 #0 - SERIES ADDED ENTRY--UNIFORM TITLE
Uniform title Knižnica rušňa Tomáša
830 #0 - SERIES ADDED ENTRY--UNIFORM TITLE
Uniform title Tomáš a jeho kamaráti
901 ## - LOCAL DATA ELEMENT A, LDA (RLIN)
b 9788025210253
f 1. vyd.
o 20081222
910 ## - USER-OPTION DATA (OCLC)
User-option data ABA001
942 ## - ADDED ENTRY ELEMENTS (KOHA)
Source of classification or shelving scheme Dewey Decimal Classification
Koha item type Krásna literatúra pre deti
Suppress in OPAC No
Holdings
Stav vyradenia Strata Poškodenie Spôsob nadobudnutia Domovská knižnica Aktuálna knižnica Dátum nadobudnutia Total checkouts Čiarový kód exemplára Date last seen Typ exemplára
      Dar Obecná knižnica Horná Štubňa Obecná knižnica Horná Štubňa 21.04.2026   9788025210253 21.04.2026 Krásna literatúra pre deti
Projekt je podporený Slovenskou asociáciou knižníc
Prevádzkuje Turčianska knižnica Martin 2026